=LDR 00000nam 2200000 4500 =001 INLIS000000000045829 =005 20150211082028.0 =006 =007 =008 =035 ##$$0010-021500000000389 =040 ##$$a NBPDMAT =082 ##$$a 372.350 76 =090 ##$$a 372.350 76 $b Ari l =100 ##$$a Ari Hansanti =245 ##$$a LKS utama Ilmu Pengetahuan Alam (IPA) untuk SD dan MI Kelas 2 Semester 1 $c Penyusun Ari Harsanti; Penyunting Mei Aulia Rahmah =250 ##$$a Cet.1 =260 ##$$a Jakarta $b Widya Utama $c 2007 =300 ##$$a 64 hlm. : $b ilus. ; $c 29 cm. =650 ##$$a Sains SD - Soal, dsb. =700 ##$$a Mei Aulia Rahmah =990 ##$$a 0001/BPAP-NTB/20142015 =990 ##$$a 0001/BPAP-NTB/20142015 =990 ##$$a 0001/BPAP-NTB/20142015 =990 ##$$a 0001/BPAP-NTB/20142015 =990 ##$$a 0001/BPAP-NTB/20142015